[Event "Madrid-ch 2016 Final"]
[Site "Madrid ESP"]
[Date "2016.06.07"]
[Round "2.10"]
[White "Ocana Lameiro, Oliver"]
[Black "Casares Ripoll, Fernando"]
[Result "1/2-1/2"]
[WhiteElo "2028"]
[BlackElo "2139"]
[PlyCount "69"]
[EventDate "2016.06.06"]
[EventType "swiss"]
[EventRounds "7"]
[EventCountry "ESP"]
[Source "lmi"]
[SourceDate "2016.06.06"]

1. d4 d5 2. c4 c5 3. Nf3 cxd4 4. Nxd4 e5 5. Nf3 d4 6. e3 Nc6 7. exd4 exd4 8. a3
Be7 9. h3 Bf6 10. Bd3 Nge7 11. O-O O-O 12. Nbd2 g6 13. Ne4 Bg7 14. Ng3 h6 15.
b4 Be6 16. Re1 Rc8 17. Bb2 Qd7 18. Rc1 Nf5 19. Nxf5 Bxf5 20. Bxf5 Qxf5 21. b5
Na5 22. Qa4 b6 23. Bxd4 Bxd4 24. Nxd4 Qc5 25. Nb3 Nxb3 26. Qxb3 Rfe8 27. Rxe8+
Rxe8 28. Qd3 Rc8 29. Qe3 Qxe3 30. fxe3 Kg7 31. Kf2 Kf6 32. Ke2 Ke5 33. Kd3 f5
34. a4 g5 35. Rc2 1/2-1/2

[Event "Madrid-ch 2016 Final"]
[Site "Madrid ESP"]
[Date "2016.06.07"]
[Round "2.12"]
[White "Pindado Campos, Raul"]
[Black "Rojas Pozo, Jose Luis"]
[Result "0-1"]
[WhiteElo "2046"]
[BlackElo "1992"]
[PlyCount "128"]
[EventDate "2016.06.06"]
[EventType "swiss"]
[EventRounds "7"]
[EventCountry "ESP"]
[Source "lmi"]
[SourceDate "2016.06.06"]

1. d4 Nf6 2. c4 e5 3. dxe5 Ng4 4. Nf3 Nc6 5. a3 Bc5 6. e3 a5 7. Nc3 Ngxe5 8.
Nxe5 Nxe5 9. Qd5 d6 10. Ne4 Be6 11. Qd1 Bb6 12. b3 Qh4 13. Qc2 O-O 14. Ng3 a4
15. b4 Nxc4 16. Bxc4 Qxc4 17. Qxc4 Bxc4 18. Bb2 Rfe8 19. Nf5 f6 20. h4 Be6 21.
g4 Bxf5 22. gxf5 d5 23. Rd1 Rad8 24. Kf1 Re4 25. h5 h6 26. Ke2 c6 27. Kf3 Rc4
28. Rhg1 Kf7 29. Rg6 Rd7 30. Rdg1 Kf8 31. Bxf6 gxf6 32. Rxf6+ Rf7 33. Rxh6
Rxf5+ 34. Ke2 Rh4 35. Rh8+ Kf7 36. Rh7+ Ke6 37. Rg6+ Rf6 38. Rxb7 Rxg6 39. hxg6
Bd8 40. g7 Rg4 41. Rb8 Kd7 42. Rb7+ Bc7 43. Ra7 Rxg7 44. Rxa4 Rg8 45. Kd3 Bb6
46. f3 Rg3 47. Ke2 Rg2+ 48. Kd3 Rf2 49. f4 Rf3 50. Ra8 Rxe3+ 51. Kd2 Rf3 52. a4
Rxf4 53. b5 cxb5 54. axb5 Rb4 55. Rh8 Rxb5 56. Rh7+ Kc6 57. Rh6+ Kc5 58. Rh5
Rb3 59. Rf5 Kc4 60. Rf8 Rb2+ 61. Kc1 Rh2 62. Rf4+ Kd3 63. Rf3+ Be3+ 64. Kb1 Ke2
0-1

[Event "Madrid-ch 2016 Final"]
[Site "Madrid ESP"]
[Date "2016.06.07"]
[Round "2.13"]
[White "Anton Quevedo, Andrea"]
[Black "Lopez de Turiso, Jose Angel"]
[Result "0-1"]
[WhiteElo "1992"]
[BlackElo "2040"]
[PlyCount "88"]
[EventDate "2016.06.06"]
[EventType "swiss"]
[EventRounds "7"]
[EventCountry "ESP"]
[Source "lmi"]
[SourceDate "2016.06.06"]

1. e4 c5 2. Nf3 Nc6 3. d4 cxd4 4. Nxd4 e5 5. Nf3 Nf6 6. Nc3 Bb4 7. Bd3 d5 8.
exd5 Nxd5 9. Bd2 Nxc3 10. Bxc3 Bxc3+ 11. bxc3 O-O 12. O-O Be6 13. Qe2 f6 14. a3
Qa5 15. c4 Rad8 16. Rab1 Qc7 17. Rb3 Nd4 18. Nxd4 Rxd4 19. Rfb1 b6 20. Rb4 Rc8
21. c5 Qxc5 22. Rxd4 Qxd4 23. Re1 Bc4 24. h3 Bxd3 25. cxd3 Rd8 26. Rc1 Qxd3 27.
Qg4 Qd7 28. Qb4 g6 29. Qh4 Kg7 30. Rc3 Rc8 31. Re3 Rc1+ 32. Kh2 Qd6 33. Qg3 Qd1
34. Qh4 Qd6 35. Qg3 Rc4 36. Kg1 b5 37. Rd3 Rd4 38. Rb3 a6 39. Qe3 Rd1+ 40. Kh2
Qd4 41. Qf3 e4 42. Qg4 Qd6+ 43. Rg3 f5 44. Qxf5 Qxg3+ 0-1

[Event "Madrid-ch 2016 Final"]
[Site "Madrid ESP"]
[Date "2016.06.08"]
[Round "3.2"]
[White "Aranda Marin, Cristian"]
[Black "Perez Mitjans, Orelvis"]
[Result "1/2-1/2"]
[WhiteElo "2372"]
[BlackElo "2462"]
[PlyCount "76"]
[EventDate "2016.06.06"]
[EventType "swiss"]
[EventRounds "7"]
[EventCountry "ESP"]
[Source "lmi"]
[SourceDate "2016.06.06"]

1. Nf3 c5 2. c4 Nc6 3. b3 Nf6 4. g3 e6 5. Bg2 Be7 6. Bb2 O-O 7. O-O d5 8. e3
Qb6 9. d3 a5 10. Ne5 Nxe5 11. Bxe5 d4 12. exd4 cxd4 13. Bxf6 Bxf6 14. a4 Be7
15. f4 Bd7 16. Ra2 Bb4 17. Nd2 Bxd2 18. Rxd2 Ra6 19. Bf3 Qb4 20. Qc2 Rb6 21.
Bd1 Bc6 22. Re2 g6 23. Re5 Rc8 24. Qf2 Qc3 25. f5 exf5 26. Rxf5 Bg2 27. Kxg2
gxf5 28. Qxf5 Rf8 29. Bh5 f6 30. Rf4 Rxb3 31. Qe6+ Kh8 32. Rxf6 Qd2+ 33. Kh3
Rg8 34. Rf5 Qe3 35. Qf6+ Rg7 36. Qd8+ Rg8 37. Qf6+ Rg7 38. Re5 Rb6 1/2-1/2

[Event "Madrid-ch 2016 Final"]
[Site "Madrid ESP"]
[Date "2016.06.08"]
[Round "3.3"]
[White "Rubio Mejia, Luis Ignacio"]
[Black "Martinez Reyes, Pedro Ramon"]
[Result "1/2-1/2"]
[WhiteElo "2457"]
[BlackElo "2309"]
[PlyCount "56"]
[EventDate "2016.06.06"]
[EventType "swiss"]
[EventRounds "7"]
[EventCountry "ESP"]
[Source "lmi"]
[SourceDate "2016.06.06"]

1. d4 d5 2. c4 e6 3. Nc3 Be7 4. cxd5 exd5 5. Bf4 c6 6. e3 Bf5 7. g4 Bg6 8. h4
h6 9. h5 Bh7 10. Bd3 Bxd3 11. Qxd3 Nf6 12. Qf5 Qd7 13. Qxd7+ Nbxd7 14. f3 Nh7
15. Nge2 Ng5 16. Bxg5 Bxg5 17. Kf2 O-O-O 18. Rac1 Kb8 19. Na4 Rde8 20. f4 Be7
21. b3 Bb4 22. Rc2 Nf6 23. Kf3 Re6 24. Ng3 Rhe8 25. Re2 Bd2 26. Nf1 Bb4 27. Ng3
Bd2 28. Nf1 Bb4 1/2-1/2

[Event "Madrid-ch 2016 Final"]
[Site "Madrid ESP"]
[Date "2016.06.08"]
[Round "3.4"]
[White "Longa Yauca, Javier"]
[Black "Valles Moreno, Ivan"]
[Result "0-1"]
[WhiteElo "2293"]
[BlackElo "2441"]
[PlyCount "100"]
[EventDate "2016.06.06"]
[EventType "swiss"]
[EventRounds "7"]
[EventCountry "ESP"]
[Source "lmi"]
[SourceDate "2016.06.06"]

1. d4 Nf6 2. Nf3 d6 3. g3 g6 4. Bg2 Bg7 5. c4 O-O 6. Nc3 Nbd7 7. O-O e5 8. e3
Re8 9. b3 c6 10. Bb2 Qe7 11. Ba3 exd4 12. exd4 Nf8 13. Qd2 Qc7 14. Rac1 Bf5 15.
d5 c5 16. b4 b6 17. Nb5 Qd7 18. Nh4 Be4 19. f3 Bxd5 20. Rfd1 Bxc4 21. Nxd6 Re2
22. Qf4 Bd5 23. bxc5 Ne6 24. c6 Qxc6 25. Rxc6 Nxf4 26. Rc8+ Bf8 27. Rxa8 Bxa8
28. gxf4 Rxa2 29. Ne4 Bxa3 30. Rd8+ Kg7 31. Rxa8 Be7 32. Bf1 Nxe4 33. fxe4 Bxh4
34. Bc4 Rc2 35. Bd5 b5 36. Rb8 Bf2+ 37. Kg2 Bb6+ 38. Kh1 b4 39. Rb7 Rc7 40. Rb8
h5 41. h3 Rc1+ 42. Kg2 Rc2+ 43. Kh1 Rf2 44. f5 gxf5 45. e5 Rd2 46. Bc4 Rc2 47.
Bd5 Rc5 48. e6 fxe6 49. Bxe6 Kf6 50. Bg8 Ke5 0-1

[Event "Madrid-ch 2016 Final"]
[Site "Madrid ESP"]
[Date "2016.06.08"]
[Round "3.5"]
[White "Moreno Ruiz, Javier"]
[Black "Almagro Llamas, Pablo"]
[Result "1-0"]
[WhiteElo "2438"]
[BlackElo "2432"]
[PlyCount "61"]
[EventDate "2016.06.06"]
[EventType "swiss"]
[EventRounds "7"]
[EventCountry "ESP"]
[Source "lmi"]
[SourceDate "2016.06.06"]

1. d4 Nf6 2. Bg5 Ne4 3. Bf4 d5 4. e3 e6 5. Bd3 b6 6. Ne2 Bb7 7. Bxe4 dxe4 8. c4
Nd7 9. Nbc3 a6 10. Qc2 e5 11. Bxe5 Nxe5 12. dxe5 Qd7 13. Rd1 Qc6 14. Nd5 O-O-O
15. O-O Re8 16. Qxe4 f6 17. Qg4+ Kb8 18. exf6 gxf6 19. b3 Bd6 20. Nd4 Qc5 21.
Nf5 Be5 22. Qe2 Bc8 23. Qc2 Rhg8 24. Kh1 Rg5 25. e4 Reg8 26. g3 Bxf5 27. exf5
Rh5 28. f4 Bd4 29. Qe2 Rh6 30. b4 Qf8 31. Rxd4 1-0

[Event "Madrid-ch 2016 Final"]
[Site "Madrid ESP"]
[Date "2016.06.08"]
[Round "3.6"]
[White "Quevedo Marin, Manuel"]
[Black "Iagar, Razvan Gabriel"]
[Result "1/2-1/2"]
[WhiteElo "2259"]
[BlackElo "2161"]
[PlyCount "224"]
[EventDate "2016.06.06"]
[EventType "swiss"]
[EventRounds "7"]
[EventCountry "ESP"]
[Source "lmi"]
[SourceDate "2016.06.06"]

1. e4 e6 2. d4 d5 3. Nc3 Nf6 4. e5 Nfd7 5. f4 c5 6. Nf3 Nc6 7. Be3 a6 8. Qd2 b5
9. dxc5 Bxc5 10. Bd3 Qb6 11. Bf2 Bxf2+ 12. Qxf2 Qxf2+ 13. Kxf2 Nc5 14. Ke3 Bb7
15. Ne2 Ke7 16. Ned4 Rac8 17. Nxc6+ Bxc6 18. Nd4 h5 19. Rhe1 g6 20. c3 Bb7 21.
Bc2 Rc7 22. a4 bxa4 23. Bxa4 Rb8 24. Bc2 Bc8 25. Reb1 Bb7 26. Bd3 Bc8 27. b4
Nxd3 28. Kxd3 Rb6 29. Nb3 Bd7 30. Nc5 Bb5+ 31. Kd4 Rc8 32. Rb2 Rc7 33. Rba2
Rcc6 34. h3 Rb8 35. g3 Rbc8 36. Rh2 Rh8 37. Raa2 Bc4 38. Ra3 Bb5 39. Rh1 Bc4
40. Raa1 Be2 41. Ke3 Bb5 42. g4 Rcc8 43. Kd4 Rc6 44. Rag1 hxg4 45. hxg4 Rcc8
46. Ra1 Rxh1 47. Rxh1 Be2 48. Ra1 Bb5 49. Ra5 Ke8 50. Ke3 Ke7 51. Kd2 Rc6 52.
Nb3 Bc4 53. Rc5 Rxc5 54. Nxc5 Bb5 55. g5 Bc4 56. Ke3 Bb5 57. Kd4 Kd8 58. Nb7+
Kc7 59. Nd6 Kb6 60. Nxf7 Be2 61. Nd6 Bg4 62. Nc8+ Kb5 63. Ne7 Bh5 64. Nc8 Bd1
65. Nd6+ Kc6 66. Ne8 Bg4 67. Nf6 Bf5 68. c4 dxc4 69. Kxc4 Bb1 70. Ne8 Bf5 71.
Nd6 Bb1 72. Kd4 Bc2 73. Kc3 Bb1 74. Kc4 Ba2+ 75. Kd4 Bb1 76. Nc4 Bf5 77. Na5+
Kb5 78. Kc3 Bh3 79. Nb3 Bg4 80. Nd4+ Kb6 81. Kc4 Bh3 82. Nf3 Bf5 83. Ne1 Be4
84. Nd3 Bf5 85. Nb2 Bg4 86. Na4+ Kc6 87. Nc5 Kb6 88. Ne4 Bh3 89. Nd6 Kc6 90.
Nc8 Kd7 91. Na7 Kc7 92. Kc5 Bg2 93. b5 axb5 94. Nxb5+ Kd7 95. Kb6 Bf3 96. Nc3
Bg2 97. Na4 Bd5 98. Nc5+ Kc8 99. Na6 Kd7 100. Nb8+ Kc8 101. Nc6 Kd7 102. Nb4
Be4 103. Na2 Bg2 104. Nc1 Be4 105. Ne2 Bg2 106. Ng3 Bf3 107. Kc5 Bg2 108. Kd4
Bh3 109. Ke3 Bg2 110. Ne4 Bh3 111. Nf6+ Kc6 112. Ng8 Kd7 1/2-1/2

[Event "Madrid-ch 2016 Final"]
[Site "Madrid ESP"]
[Date "2016.06.08"]
[Round "3.7"]
[White "Lianes Garcia, Marcos"]
[Black "Collado Barbas, Laura"]
[Result "1-0"]
[WhiteElo "2234"]
[BlackElo "2097"]
[PlyCount "87"]
[EventDate "2016.06.06"]
[EventType "swiss"]
[EventRounds "7"]
[EventCountry "ESP"]
[Source "lmi"]
[SourceDate "2016.06.06"]

1. e4 e6 2. d4 d5 3. Nd2 Nc6 4. c3 e5 5. Ngf3 exd4 6. exd5 dxc3 7. dxc6 cxd2+
8. Bxd2 Bd6 9. Bb5 Qe7+ 10. Be3 Bb4+ 11. Nd2 b6 12. O-O Nf6 13. Re1 Be6 14. a3
Bd6 15. Bc4 O-O 16. Bg5 h6 17. Bh4 g5 18. Bg3 Rad8 19. Bxe6 fxe6 20. Qe2 Bxg3
21. hxg3 Rd6 22. Nc4 Rd4 23. Ne5 Qg7 24. Rad1 Rd5 25. Nd7 Nxd7 26. Qxe6+ Kh7
27. Qxd5 Nf6 28. Qe5 a5 29. b4 axb4 30. axb4 Qf7 31. Qe7 Kg7 32. f3 Kg8 33.
Qxf7+ Kxf7 34. b5 Ra8 35. Ra1 Rd8 36. Red1 Re8 37. Ra7 Re7 38. Kf2 Kg6 39. Rd7
Re5 40. Rdxc7 Rxb5 41. Rg7+ Kf5 42. c7 Rc5 43. Ra8 Rc2+ 44. Ke1 1-0

[Event "Madrid-ch 2016 Final"]
[Site "Madrid ESP"]
[Date "2016.06.08"]
[Round "3.8"]
[White "Lopez de Turiso, Jose Angel"]
[Black "Pastor Alonso De Prado, Alberto"]
[Result "1-0"]
[WhiteElo "2040"]
[BlackElo "2233"]
[PlyCount "95"]
[EventDate "2016.06.06"]
[EventType "swiss"]
[EventRounds "7"]
[EventCountry "ESP"]
[Source "lmi"]
[SourceDate "2016.06.06"]

1. e4 e6 2. d4 d5 3. Nc3 dxe4 4. Nxe4 Bd7 5. Nf3 Bc6 6. Bd3 Nd7 7. O-O Ngf6 8.
Ng3 Be7 9. Bd2 a5 10. c4 O-O 11. Bc3 Bxf3 12. Qxf3 c6 13. Rad1 Bb4 14. Bc2 Qc7
15. Nh5 Bxc3 16. Nxf6+ Nxf6 17. Qxc3 Rfd8 18. Rd3 Rd7 19. Rfd1 Rad8 20. Qe1 Qb6
21. Qc3 Qc7 22. Qe1 b5 23. b3 Qa7 24. Qe5 bxc4 25. bxc4 Qa6 26. Rg3 Ne8 27. Bd3
Qa7 28. Rg4 c5 29. d5 exd5 30. cxd5 g6 31. Bb5 Re7 32. Qg5 Nd6 33. Bc6 c4 34.
h4 Kg7 35. Rf4 f5 36. h5 Rf8 37. hxg6 hxg6 38. Rh4 Nf7 39. Qd2 Nd6 40. Qc3+ Rf6
41. Rh7+ Kxh7 42. Qxf6 Qc7 43. g3 Re4 44. Kg2 Nf7 45. Rh1+ Nh6 46. d6 Qg7 47.
Qxg7+ Kxg7 48. Bxe4 1-0

[Event "Madrid-ch 2016 Final"]
[Site "Madrid ESP"]
[Date "2016.06.08"]
[Round "3.9"]
[White "Plazuelo Pascual, Juan"]
[Black "Cabañas Bravo, Juan Andres"]
[Result "1-0"]
[WhiteElo "2223"]
[BlackElo "1992"]
[PlyCount "113"]
[EventDate "2016.06.06"]
[EventType "swiss"]
[EventRounds "7"]
[EventCountry "ESP"]
[Source "lmi"]
[SourceDate "2016.06.06"]

1. d4 Nf6 2. c4 g6 3. f3 d5 4. cxd5 Nxd5 5. e4 Nb6 6. Nc3 Bg7 7. Be3 O-O 8. Qd2
Nc6 9. O-O-O e5 10. d5 Nd4 11. f4 Bg4 12. Re1 c5 13. fxe5 Bxe5 14. h3 Qh4 15.
Bd3 Rac8 16. Kb1 Rfe8 17. Rf1 c4 18. Bxd4 Bxd4 19. hxg4 Qxh1 20. Nf3 Bxc3 21.
bxc3 Qxf1+ 22. Bxf1 Rxe4 23. Ng5 Rxg4 24. g3 Rf8 25. d6 h6 26. Nf3 Rd8 27. Bg2
Kg7 28. Ne5 Rg5 29. Qd4 Kg8 30. Bd5 Nxd5 31. Qxd5 Rd7 32. Nxd7 Rxd5 33. Nf6+
Kf8 34. Nxd5 Ke8 35. Nf6+ Kd8 36. Kc2 h5 37. Kd2 g5 38. Nxh5 Kd7 39. Nf6+ Kxd6
40. Ne4+ Kd5 41. Nxg5 f6 42. Nf3 b5 43. Ke3 a5 44. a3 Kc5 45. Nd2 Kd5 46. Kf4
b4 47. axb4 axb4 48. cxb4 c3 49. Nb3 Kc4 50. Nc1 c2 51. Ke3 Kxb4 52. Kd3 Kc5
53. Kxc2 Kd4 54. Kd2 Ke4 55. Ke2 f5 56. Nd3 Kd4 57. Kf3 1-0

[Event "Madrid-ch 2016 Final"]
[Site "Madrid ESP"]
[Date "2016.06.08"]
[Round "3.10"]
[White "Rojas Pozo, Jose Luis"]
[Black "Ocana Lameiro, Oliver"]
[Result "1-0"]
[WhiteElo "1992"]
[BlackElo "2028"]
[PlyCount "83"]
[EventDate "2016.06.06"]
[EventType "swiss"]
[EventRounds "7"]
[EventCountry "ESP"]
[Source "lmi"]
[SourceDate "2016.06.06"]

1. e4 c6 2. d4 d5 3. exd5 cxd5 4. c4 e6 5. Nf3 Nf6 6. Bg5 Be7 7. Nc3 Nc6 8. c5
Ne4 9. Bxe7 Qxe7 10. Bb5 Nxc3 11. bxc3 O-O 12. O-O Bd7 13. Qe2 Rab8 14. a4 b6
15. cxb6 axb6 16. Rfe1 Rfc8 17. c4 dxc4 18. Bxc4 Na5 19. Bd3 Qf6 20. Ne5 Be8
21. Qe4 g6 22. Ba6 Rd8 23. Red1 Qf5 24. Qe3 f6 25. Bd3 Qg5 26. f4 Qh6 27. Ng4
Qg7 28. Qxe6+ Bf7 29. Nxf6+ Kh8 30. Qe5 Nc6 31. Qg5 Nxd4 32. Ng4 Ne6 33. Qe5
Ra8 34. Nh6 Bg8 35. Nxg8 Qxe5 36. fxe5 Rxg8 37. Bc4 Rge8 38. Rd6 Nc5 39. e6
Rxa4 40. Rxa4 Nxa4 41. Bb5 Ra8 42. e7 1-0

[Event "Madrid-ch 2016 Final"]
[Site "Madrid ESP"]
[Date "2016.06.08"]
[Round "3.11"]
[White "Quispe Arteaga, Gabriel"]
[Black "Aguilera Lopez, Alejandro"]
[Result "1-0"]
[WhiteElo "2196"]
[BlackElo "2011"]
[PlyCount "75"]
[EventDate "2016.06.06"]
[EventType "swiss"]
[EventRounds "7"]
[EventCountry "ESP"]
[Source "lmi"]
[SourceDate "2016.06.06"]

1. d4 d5 2. c4 c6 3. e3 e6 4. Nf3 Nd7 5. Nbd2 Ngf6 6. b3 Be7 7. Bb2 a5 8. Bd3
a4 9. O-O O-O 10. Qe2 Qa5 11. Rac1 Rd8 12. Ne5 dxc4 13. Ndxc4 Qc7 14. f4 Nf8
15. g4 axb3 16. axb3 c5 17. Rf3 g6 18. dxc5 Nd5 19. f5 exf5 20. gxf5 Nf6 21.
Nb6 Ra2 22. Bc4 Qxe5 23. Bxe5 Rxe2 24. Bxe2 Bxf5 25. Rff1 Ne4 26. b4 Rd2 27.
Bf3 Ne6 28. Nc4 Ra2 29. Ra1 Rc2 30. Rac1 Rxc1 31. Rxc1 f6 32. Bd6 Kf7 33. Bxe7
Kxe7 34. Na5 Nd8 35. b5 Kd7 36. Rc4 Ng5 37. Bxb7 Nxb7 38. c6+ 1-0

[Event "Madrid-ch 2016 Final"]
[Site "Madrid ESP"]
[Date "2016.06.08"]
[Round "3.12"]
[White "Casares Ripoll, Fernando"]
[Black "Ruiz Quevedo, Andres"]
[Result "0-1"]
[WhiteElo "2139"]
[BlackElo "1959"]
[PlyCount "74"]
[EventDate "2016.06.06"]
[EventType "swiss"]
[EventRounds "7"]
[EventCountry "ESP"]
[Source "lmi"]
[SourceDate "2016.06.06"]

1. d4 Nf6 2. Bg5 e6 3. e4 h6 4. Bxf6 Qxf6 5. c3 d6 6. Nf3 Nd7 7. Bd3 g6 8. O-O
Bg7 9. Na3 O-O 10. Nc4 b5 11. e5 Qe7 12. exd6 cxd6 13. Na5 Qd8 14. b4 Qb6 15.
a4 bxa4 16. Qxa4 Nf6 17. Nc4 Qb8 18. Nfd2 Bd7 19. Qa5 Rc8 20. Rfc1 Bb5 21. Nb2
Bc6 22. Ba6 Rc7 23. Nbc4 Rd7 24. b5 Bb7 25. Rcb1 Nd5 26. Ne4 Nb6 27. Ncd2 f5
28. Bxb7 Qxb7 29. Ng3 Rc8 30. Ne2 e5 31. Nf3 Nc4 32. Qa2 Kh7 33. Rb4 Rdc7 34.
Ra4 Qxb5 35. Rxa7 Rxa7 36. Qxa7 Nb6 37. Qa6 Ra8 0-1

[Event "Madrid-ch 2016 Final"]
[Site "Madrid ESP"]
[Date "2016.06.08"]
[Round "3.13"]
[White "Rottenwohrer Suarez, Juan"]
[Black "Perez de Aranda, Leonardo Ivan"]
[Result "0-1"]
[WhiteElo "2087"]
[BlackElo "2092"]
[PlyCount "58"]
[EventDate "2016.06.06"]
[EventType "swiss"]
[EventRounds "7"]
[EventCountry "ESP"]
[Source "lmi"]
[SourceDate "2016.06.06"]

1. Nf3 g6 2. c4 Bg7 3. d4 f5 4. Nc3 Nf6 5. Bf4 O-O 6. e3 d6 7. c5 c6 8. Bc4+ d5
9. Be2 Ne4 10. Nxe4 fxe4 11. Ne5 Nd7 12. Nxd7 Qa5+ 13. Kf1 Bxd7 14. h4 e5 15.
dxe5 Qxc5 16. h5 g5 17. h6 gxf4 18. hxg7 Kxg7 19. Rc1 Qb6 20. Bg4 Be8 21. Bh5
fxe3 22. Bxe8 Qb5+ 23. Kg1 exf2+ 24. Kh2 Raxe8 25. Qg4+ Kh8 26. Kg3 Qd3+ 27.
Kh4 f1=Q 28. Rcxf1 Rxf1 29. Rxf1 Qxf1 0-1

[Event "Madrid-ch 2016 Final"]
[Site "Madrid ESP"]
[Date "2016.06.08"]
[Round "3.14"]
[White "Martin Martin, Luis Vicente"]
[Black "Pindado Campos, Raul"]
[Result "0-1"]
[WhiteElo "2017"]
[BlackElo "2046"]
[PlyCount "134"]
[EventDate "2016.06.06"]
[EventType "swiss"]
[EventRounds "7"]
[EventCountry "ESP"]
[Source "lmi"]
[SourceDate "2016.06.06"]

1. d4 Nf6 2. Nf3 g6 3. Bf4 Bg7 4. e3 O-O 5. Be2 d6 6. h3 b6 7. O-O Bb7 8. Nbd2
Nbd7 9. c3 Re8 10. Bh2 e5 11. Nc4 e4 12. Nfd2 Qe7 13. a4 a5 14. Na3 Rad8 15. b4
axb4 16. cxb4 c5 17. Nb5 Nb8 18. Nc4 cxd4 19. Nxd4 Nd5 20. Rc1 Be5 21. Qb3
Bxh2+ 22. Kxh2 Na6 23. Kg1 Naxb4 24. Nxb6 Nxb6 25. Qxb4 Nd5 26. Qb3 Ra8 27. Bb5
Reb8 28. Rc2 Nc7 29. Rfc1 Na6 30. Nc6 Bxc6 31. Rxc6 Nc5 32. Qd5 Nxa4 33. Rxd6
Ra5 34. Rd7 Qe8 35. Rcc7 Raxb5 36. Qxf7+ Qxf7 37. Rxf7 Rh5 38. Rg7+ Kh8 39.
Rge7 Nb6 40. Rxe4 Nd5 41. Ra7 Rf8 42. Kh2 Rhf5 43. f4 R5f7 44. Rxf7 Rxf7 45.
Re5 Ne7 46. g4 Kg7 47. Kg3 Ng8 48. Kf3 Re7 49. Rxe7+ Nxe7 50. e4 Kf6 51. e5+
Ke6 52. Ke4 h6 53. h4 h5 54. f5+ gxf5+ 55. gxf5+ Nxf5 56. Kf4 Ng7 57. Ke4 Kf7
58. Kf3 Kg6 59. Kf4 Nf5 60. e6 Kf6 61. e7 Nxe7 62. Ke4 Nf5 63. Kf4 Nxh4 64. Kg3
Kg5 65. Kh3 Nf5 66. Kg2 Kh4 67. Kh2 Ne3 0-1

[Event "Madrid-ch 2016 Final"]
[Site "Madrid ESP"]
[Date "2016.06.09"]
[Round "4.1"]
[White "Valles Moreno, Ivan"]
[Black "Candela Perez, Jose"]
[Result "1-0"]
[WhiteElo "2441"]
[BlackElo "2407"]
[PlyCount "77"]
[EventDate "2016.06.06"]
[EventType "swiss"]
[EventRounds "7"]
[EventCountry "ESP"]
[Source "lmi"]
[SourceDate "2016.06.06"]

1. e4 c5 2. Nf3 d6 3. d4 cxd4 4. Nxd4 Nf6 5. Nc3 a6 6. Bc4 b5 7. Bb3 e6 8. O-O
Be7 9. Qf3 Qc7 10. Qg3 O-O 11. Bh6 Ne8 12. Rfd1 Bd7 13. Nf3 Bf6 14. e5 Bxe5 15.
Nxe5 dxe5 16. Ne4 Kh8 17. Be3 Bc6 18. Bc5 Bxe4 19. Bxf8 Nd7 20. Qh4 Nef6 21.
Be7 a5 22. a4 b4 23. Rac1 Rc8 24. c4 Bc6 25. Bc2 h6 26. b3 Re8 27. Bd6 Qb7 28.
Qh3 Ne4 29. Bxe4 Bxe4 30. Rd2 Bc6 31. Re1 e4 32. Qh5 Nf6 33. Qxa5 e3 34. Rxe3
Ne4 35. Rd4 Ra8 36. Qe5 Nxd6 37. Rxd6 Bxg2 38. Rg3 f6 39. Qxe6 1-0

[Event "Madrid-ch 2016 Final"]
[Site "Madrid ESP"]
[Date "2016.06.09"]
[Round "4.2"]
[White "Espinosa Aranda, Angel"]
[Black "Moreno Ruiz, Javier"]
[Result "1-0"]
[WhiteElo "2406"]
[BlackElo "2438"]
[PlyCount "89"]
[EventDate "2016.06.06"]
[EventType "swiss"]
[EventRounds "7"]
[EventCountry "ESP"]
[Source "lmi"]
[SourceDate "2016.06.06"]

1. e4 e5 2. Nf3 Nc6 3. d4 exd4 4. Nxd4 Bb4+ 5. c3 Bc5 6. Be3 Bb6 7. Nf5 g6 8.
Bxb6 axb6 9. Ne3 Nf6 10. f3 Qe7 11. c4 Qb4+ 12. Qd2 Qxd2+ 13. Kxd2 d6 14. Nc3
Kd8 15. Bd3 Ne5 16. Be2 c6 17. Rhd1 Kc7 18. Ke1 g5 19. Rd2 Be6 20. Rc1 h5 21.
b3 h4 22. h3 Nh5 23. Kf2 Ng3 24. a4 Rhf8 25. Ng4 f5 26. Nxe5 dxe5 27. Nd5+ Bxd5
28. cxd5 fxe4 29. dxc6 bxc6 30. Bb5 Rf6 31. Rdc2 c5 32. b4 exf3 33. gxf3 Rf4
34. Rd1 Rd8 35. Rxd8 Kxd8 36. a5 Ne4+ 37. Kg2 Nd6 38. bxc5 bxc5 39. Rxc5 Rb4
40. Be2 e4 41. Rxg5 Rb2 42. Kf2 Ra2 43. a6 Nc4 44. fxe4 Ke7 45. a7 1-0

[Event "Madrid-ch 2016 Final"]
[Site "Madrid ESP"]
[Date "2016.06.09"]
[Round "4.3"]
[White "Perez Mitjans, Orelvis"]
[Black "Lianes Garcia, Marcos"]
[Result "1-0"]
[WhiteElo "2462"]
[BlackElo "2234"]
[PlyCount "77"]
[EventDate "2016.06.06"]
[EventType "swiss"]
[EventRounds "7"]
[EventCountry "ESP"]
[Source "lmi"]
[SourceDate "2016.06.06"]

1. e4 e5 2. Nf3 Nc6 3. Bb5 a6 4. Ba4 Nge7 5. O-O g6 6. c3 Bg7 7. d4 exd4 8.
cxd4 d5 9. exd5 Nxd5 10. Re1+ Be6 11. Bg5 Qd6 12. Nbd2 O-O 13. Nc4 Qb4 14. Bb3
Rfe8 15. h3 h6 16. Bd2 Qf8 17. Nce5 Nxe5 18. Nxe5 Rad8 19. Qf3 Qd6 20. Rad1 Rf8
21. h4 c6 22. a3 Ra8 23. Bc2 a5 24. Qg3 Bc8 25. Re2 Qf6 26. Rde1 Bf5 27. Bb3
Rfd8 28. Qh2 a4 29. Ba2 Qd6 30. g4 Bc8 31. Qg2 Bd7 32. Bb4 Nxb4 33. Bxf7+ Kf8
34. axb4 Qxd4 35. Re4 Qd6 36. Qf3 Bf6 37. Rd4 Bxg4 38. Rxd6 Bxf3 39. Rxf6 1-0

[Event "Madrid-ch 2016 Final"]
[Site "Madrid ESP"]
[Date "2016.06.09"]
[Round "4.4"]
[White "Plazuelo Pascual, Juan"]
[Black "Rubio Mejia, Luis Ignacio"]
[Result "0-1"]
[WhiteElo "2223"]
[BlackElo "2457"]
[PlyCount "50"]
[EventDate "2016.06.06"]
[EventType "swiss"]
[EventRounds "7"]
[EventCountry "ESP"]
[Source "lmi"]
[SourceDate "2016.06.06"]

1. d4 Nf6 2. c4 e6 3. Nc3 Bb4 4. Qc2 d6 5. Nf3 O-O 6. Bd2 c5 7. dxc5 dxc5 8. a3
Ba5 9. e3 Nc6 10. Bd3 Qe7 11. O-O-O h6 12. h3 Bxc3 13. Bxc3 e5 14. Be2 Nh7 15.
Qe4 Nf6 16. Qh4 Re8 17. Rhe1 Bf5 18. g4 Bg6 19. Nd2 Nb4 20. axb4 cxb4 21. Bxe5
Qxe5 22. f4 Qxe3 23. f5 Bh7 24. Bf1 Qf4 25. Kc2 Bxf5+ 0-1

[Event "Madrid-ch 2016 Final"]
[Site "Madrid ESP"]
[Date "2016.06.09"]
[Round "4.5"]
[White "Lopez de Turiso, Jose Angel"]
[Black "Aranda Marin, Cristian"]
[Result "0-1"]
[WhiteElo "2040"]
[BlackElo "2372"]
[PlyCount "84"]
[EventDate "2016.06.06"]
[EventType "swiss"]
[EventRounds "7"]
[EventCountry "ESP"]
[Source "lmi"]
[SourceDate "2016.06.06"]

1. d4 Nf6 2. c4 e6 3. Bg5 h6 4. Bh4 Bb4+ 5. Nd2 c5 6. a3 Bxd2+ 7. Qxd2 cxd4 8.
Qxd4 Nc6 9. Qc3 Rg8 10. Bxf6 Qxf6 11. Qxf6 gxf6 12. Nf3 Rb8 13. e3 b6 14. Nd4
Nxd4 15. exd4 Bb7 16. f3 d5 17. c5 e5 18. cxb6 axb6 19. Bb5+ Ke7 20. Kf2 Rbc8
21. Rac1 Kd6 22. g3 exd4 23. Rhd1 Rc5 24. Bd3 Rgc8 25. Rb1 R8c7 26. Rd2 Bc8 27.
Rbd1 Bd7 28. Re1 Rc1 29. Rxc1 Rxc1 30. Kg2 Ba4 31. f4 Bb3 32. Kf3 Bd1+ 33. Kg2
Bg4 34. h3 Bd7 35. g4 Ba4 36. Kg3 Re1 37. Kf2 Re3 38. Kg2 Bb3 39. Bf1 Kc5 40.
Kf2 b5 41. Rd3 Bc4 42. Rd2 Rb3 0-1

[Event "Madrid-ch 2016 Final"]
[Site "Madrid ESP"]
[Date "2016.06.09"]
[Round "4.6"]
[White "Martinez Reyes, Pedro Ramon"]
[Black "Rojas Pozo, Jose Luis"]
[Result "1-0"]
[WhiteElo "2309"]
[BlackElo "1992"]
[PlyCount "59"]
[EventDate "2016.06.06"]
[EventType "swiss"]
[EventRounds "7"]
[EventCountry "ESP"]
[Source "lmi"]
[SourceDate "2016.06.06"]

1. e4 c6 2. c4 d5 3. exd5 cxd5 4. cxd5 Qxd5 5. Nc3 Qd8 6. d4 Nf6 7. Nf3 e6 8.
Bc4 Be7 9. O-O O-O 10. Qe2 Nc6 11. Rd1 Nb4 12. Ne5 Nbd5 13. Rd3 Bd7 14. Rg3 Kh8
15. Bg5 Bc6 16. Rh3 Rc8 17. Bxd5 Bxd5 18. Qd3 Rxc3 19. bxc3 Be4 20. Qe2 Qd5 21.
Re1 Bf5 22. Re3 h6 23. Bh4 g5 24. Bg3 h5 25. h4 Ng4 26. Nxg4 Bxg4 27. f3 Bf5
28. Re5 Qd6 29. Bh2 Qa3 30. Rxf5 1-0